000 00865nab a2200253 u 4500
001 18178
003 HDC
007 cr bn ---aaaaa
008 210126c |r|noo 0 a d
040 _aHDC
100 _aZonio, Aquiles Z,
_eauthor
_917173
245 0 _aManila's export unit plans to tap Brunei for halal certification /
_cby Aquiles Z Zonio
260 _aBrunei :
_bBrunei Times PLC,
_c2011
336 _atext
_2rdacontent
337 _acomputer
_2rdamedia
338 _aonline resource
_2rdacarrier
650 _aHalal certificate
_9482
650 _aHalal food industry
_9128
710 _aThe Brunei Times
856 _zRequest full-text at [email protected]
942 _2lcc
942 _cNEWS
942 _kNWSO 009501
999 _c15494
_d15494